00185nam a2200073Ia 4500008004100000100001500041245002400056260003100080170524s9999 xx 000 0 und d aBERI- G.C. 0aBusiness Statistics bTATA MCGRAW HILL NEW DELHI